| 000 | 00685nam a22002177a 4500 | ||
|---|---|---|---|
| 003 | OSt | ||
| 005 | 20260625115531.0 | ||
| 008 | 260625b |||||||| |||| 00| 0 eng d | ||
| 020 | _a9780073533155 | ||
| 040 | _cChuka University Library | ||
| 050 |
_aPE 1417 _b.C5 2009 |
||
| 100 |
_aClouse Barbara _931137 |
||
| 245 | _aPatterns for a Purpose: A Rhetorical Reader | ||
| 250 | _a5th Ed. | ||
| 260 |
_aNew York _bMc Graw Hill _c2009 |
||
| 300 |
_axxx, 726P in various pagings _bColored Illustrations |
||
| 650 |
_aCollege Readers _922384 |
||
| 650 |
_aEnglish Language-Rhetoric-Problems,exercises _930452 |
||
| 650 |
_aReport writing-Problems, exercises _931138 |
||
| 942 |
_2lcc _cBK _n0 |
||
| 999 |
_c25189 _d25189 |
||